| 000 | 00623nam a2200193 i 4500 | ||
|---|---|---|---|
| 001 | 72205 | ||
| 003 | ES-MaACL | ||
| 005 | 20230906171346.0 | ||
| 007 | t| | ||
| 008 | 040827s1957 sp ||||1| spa d | ||
| 100 | 1 |
_aGuilleman, Girard. _960747 |
|
| 245 | 1 | 3 |
_aLa primacía de la Caridad en Teología moral _b: ensayo metodológico / _cGirard Guilleman. |
| 260 |
_aBilbao : _bDesclée de Brouwer, _c1957 ( _ePamplona : _fGómez) |
||
| 300 |
_a484 p. ; _c21 cm. |
||
| 490 | 1 |
_aVeritas et justitia ; _v3 |
|
| 830 | 0 |
_aVeritas et justitia ; _v3 _9182360 |
|
| 852 |
_aES-MaACL _jC-14211 _bR. 41986 |
||
| 999 |
_c72205 _d72205 |
||